[Event "K41 Foraars EMT Gruppe B 2010"]
[Site "Valby"]
[Date "2010.03.09"]
[Round "1"]
[White "Weber, John"]
[Black "Karup, Jesper"]
[Result "1/2-1/2"]
[WhiteElo "1791"]
[BlackElo "1708"]
[PlyCount "120"]
[EventDate "2010.??.??"]

1. f4 d5 2. d4 Nf6 3. e3 g6 4. c4 e6 5. Nf3 Bg7 6. Nc3 O-O 7. Qc2 b6 8. Bd3 c5
9. Bd2 Nc6 10. cxd5 Nb4 11. Qb1 Nxd3+ 12. Qxd3 exd5 13. O-O Bf5 14. Qb5 a6 15.
Qb3 c4 16. Qd1 Re8 17. Ne5 Ne4 18. Nxe4 Bxe4 19. Nf3 Qd6 20. Ng5 Bd3 21. Rf3 h6
22. Nh3 Be4 23. Rf2 Bf6 24. Qg4 Bf5 25. Qg3 Qe7 26. Rff1 Bd3 27. Rfc1 Bh4 28.
Qf3 Qd7 29. Nf2 Bf5 30. g3 Bf6 31. Qd1 h5 32. Rc3 b5 33. b4 a5 34. a3 axb4 35.
axb4 Ra4 36. Rca3 Rea8 37. Rxa4 Rxa4 38. Rxa4 bxa4 39. Qc1 Qb5 40. Qa3 Be7 41.
Bc3 Bc2 42. Kf1 Qd7 43. Kg2 Qf5 44. Bd2 Bb3 45. Qb2 Qc2 46. Qxc2 Bxc2 47. Kf3
a3 48. b5 a2 49. Bc3 Bb4 50. Ba1 Ba5 51. e4 dxe4+ 52. Nxe4 Ba4 53. Nc3 Bxc3 54.
Bxc3 Bxb5 55. Ke4 Ba4 56. Kd5 Bb3 57. Kc6 Kf8 58. d5 Ke8 59. Kc7 Ba4 60. d6 Bd7
1/2-1/2

[Event "K41 Foraars EMT Gruppe B 2010"]
[Site "Valby"]
[Date "2010.03.09"]
[Round "1"]
[White "Moller, Arne Vagn"]
[Black "Sorensen, Dick"]
[Result "1-0"]
[WhiteElo "1809"]
[BlackElo "1810"]
[PlyCount "63"]
[EventDate "2010.??.??"]

1. e4 c5 2. Nf3 e6 3. d4 cxd4 4. Nxd4 a6 5. Nc3 Qc7 6. a3 Nf6 7. Bd3 Nc6 8.
Nxc6 bxc6 9. Bg5 Be7 10. Qe2 h6 11. Bd2 d5 12. e5 Nd7 13. f4 c5 14. b3 Qa7 15.
Qg4 g5 16. Qh5 gxf4 17. Nxd5 exd5 18. e6 Nb6 19. exf7+ Kd8 20. Ba5 Be6 21.
O-O-O c4 22. Bxc4 Bxa3+ 23. Kb1 Bxf7 24. Rxd5+ Bxd5 25. Qxd5+ Kc8 26. Bxb6 Qb7
27. Qf5+ Kb8 28. Qe5+ Kc8 29. Qxh8+ Kd7 30. Rd1+ Bd6 31. Qh7+ Kc8 32. Be6+ 1-0

[Event "K41 Foraars EMT Gruppe B 2010"]
[Site "Valby"]
[Date "2010.03.09"]
[Round "1"]
[White "Hojland, Ulrik"]
[Black "Abildgaard, Kenneth"]
[Result "0-1"]
[WhiteElo "1734"]
[BlackElo "1816"]
[PlyCount "79"]
[EventDate "2010.??.??"]

1. c4 c5 2. Nc3 Nc6 3. g3 g6 4. Bg2 Bg7 5. Nf3 Nf6 6. d4 cxd4 7. Nxd4 Nxd4 8.
Qxd4 O-O 9. O-O d6 10. Qd3 Rb8 11. Be3 b6 12. Rfd1 Bf5 13. Qd2 Ng4 14. Bd4 e5
15. Be3 Nxe3 16. Qxe3 Qc7 17. b3 Qc5 18. Qxc5 dxc5 19. Nd5 Rfe8 20. e4 Bc8 21.
Nc7 Re7 22. Rd8+ Bf8 23. Nd5 Reb7 24. Nf6+ Kg7 25. Ne8+ Kh6 26. Rad1 Be7 27.
R8d3 Be6 28. Nd6 Rc7 29. Nb5 Rcb7 30. a4 a6 31. Nc3 g5 32. Nd5 b5 33. Nxe7 Rxe7
34. Rd6 Kg7 35. axb5 axb5 36. Rc6 bxc4 37. bxc4 Reb7 38. Rxc5 Rb1 39. Rxb1
Rxb1+ 40. Bf1 0-1

[Event "K41 Foraars EMT Gruppe B 2010"]
[Site "Valby"]
[Date "2010.03.25"]
[Round "1"]
[White "Christensen, Lars (1955)"]
[Black "Henriksen, Christian"]
[Result "1/2-1/2"]
[WhiteElo "1711"]
[BlackElo "1707"]
[PlyCount "65"]
[EventDate "2010.??.??"]

1. Nf3 Nf6 2. d4 g6 3. c4 Bg7 4. Nc3 O-O 5. g3 d6 6. Bg2 Nbd7 7. O-O e5 8. e4
a6 9. dxe5 dxe5 10. Qc2 Qe7 11. Nd5 Nxd5 12. cxd5 Nf6 13. Be3 b6 14. Rac1 Rd8
15. h3 Bd7 16. Nd2 Rac8 17. f4 Nh5 18. Rf3 exf4 19. gxf4 Nf6 20. Bd4 Re8 21.
Be5 Nxe4 22. Nxe4 f6 23. Bxc7 Qxe4 24. Qxe4 Rxe4 25. Rb3 Rd4 26. Rxb6 Bb5 27.
d6 Bf8 28. Bb7 Re8 29. Bxa6 Bxa6 30. Rxa6 Re2 31. Rac6 Rxb2 32. R1c2 Rxc2 33.
Rxc2 1/2-1/2

[Event "K41 Foraars EMT Gruppe B 2010"]
[Site "Valby"]
[Date "2010.03.16"]
[Round "2"]
[White "Christensen, Lars (1955)"]
[Black "Moller, Arne Vagn"]
[Result "0-1"]
[WhiteElo "1711"]
[BlackElo "1809"]
[PlyCount "20"]
[EventDate "2010.??.??"]

1. Nf3 Nf6 2. d4 e6 3. c4 c5 4. Nc3 a6 5. Bg5 cxd4 6. Nxd4 Be7 7. e3 Nc6 8.
Nxc6 bxc6 9. Bd3 Qa5 10. O-O Qxg5 0-1

[Event "K41 Foraars EMT Gruppe B 2010"]
[Site "Valby"]
[Date "2010.03.16"]
[Round "2"]
[White "Karup, Jesper"]
[Black "Hojland, Ulrik"]
[Result "1-0"]
[WhiteElo "1708"]
[BlackElo "1734"]
[PlyCount "39"]
[EventDate "2010.??.??"]

1. e4 c6 2. d4 d5 3. Nc3 dxe4 4. Nxe4 Nd7 5. Nf3 Ngf6 6. Ng3 Nb6 7. h3 h5 8.
Bd3 h4 9. Nf5 Bxf5 10. Bxf5 e6 11. Qe2 Qd5 12. Bd3 O-O-O 13. O-O Bd6 14. c4 Qh5
15. c5 Bxc5 16. dxc5 Qxc5 17. Bf4 Nbd7 18. Rac1 Qh5 19. Rxc6+ bxc6 20. Ba6# 1-0

[Event "K41 Foraars EMT Gruppe B 2010"]
[Site "Valby"]
[Date "2010.03.16"]
[Round "2"]
[White "Henriksen, Christian"]
[Black "Abildgaard, Kenneth"]
[Result "0-1"]
[WhiteElo "1707"]
[BlackElo "1816"]
[PlyCount "96"]
[EventDate "2010.??.??"]

1. d4 g6 2. c4 d6 3. e4 Bg7 4. Nc3 Nd7 5. f3 e5 6. d5 c6 7. Be3 cxd5 8. cxd5
Nb6 9. Nge2 Ne7 10. Ng3 O-O 11. Be2 f5 12. Bg5 h6 13. Bxe7 Qxe7 14. Qb3 Qg5 15.
exf5 gxf5 16. O-O h5 17. Bc4 Bd7 18. Bb5 Bc8 19. a4 h4 20. Nge2 a6 21. Bc4 Nd7
22. f4 Qg4 23. h3 Qg6 24. Rad1 Nc5 25. Qc2 e4 26. b4 Nd7 27. Nd4 Bxd4+ 28. Rxd4
Qg3 29. Rdd1 Kh8 30. Ne2 Qe3+ 31. Kh1 Nf6 32. Qb2 Kh7 33. Qd4 Qxd4 34. Nxd4 Bd7
35. Bb3 Rfc8 36. Ne2 b5 37. a5 Rc7 38. Kg1 Rac8 39. Kf2 Be8 40. Rc1 Rxc1 41.
Rxc1 Rxc1 42. Nxc1 Bf7 43. Ke3 Bxd5 44. Kd4 Bxb3 45. Nxb3 Kg7 46. Nc1 Kf7 47.
Ne2 Ke6 48. Nc1 Nd5 0-1

[Event "K41 Foraars EMT Gruppe B 2010"]
[Site "Valby"]
[Date "2010.03.16"]
[Round "2"]
[White "Sorensen, Dick"]
[Black "Weber, John"]
[Result "1-0"]
[WhiteElo "1810"]
[BlackElo "1791"]
[PlyCount "105"]
[EventDate "2010.??.??"]

1. d4 e6 2. c4 f5 3. Nf3 Nf6 4. Nc3 Be7 5. g3 c6 6. d5 cxd5 7. cxd5 Qa5 8. d6
Bd8 9. Bg2 Nc6 10. O-O Bb6 11. a3 O-O 12. Na4 Ne4 13. Nxb6 Qxb6 14. Rb1 Nd8 15.
Be3 Qxd6 16. Qxd6 Nxd6 17. Bc5 N8f7 18. Rfd1 Ne4 19. Bxf8 Kxf8 20. Nd2 Nc5 21.
Rbc1 Na4 22. b3 Nb6 23. e4 fxe4 24. Nxe4 d5 25. Nc5 Ke7 26. Re1 Kd6 27. a4 Ne5
28. a5 Nbd7 29. f4 b6 30. fxe5+ Nxe5 31. axb6 axb6 32. Na4 Rb8 33. Nb2 Bd7 34.
Red1 b5 35. Nd3 Nc6 36. Nf2 Rf8 37. Ne4+ Kc7 38. Nc5 Bc8 39. Re1 Kd6 40. Bh3
Nd4 41. Re3 g5 42. b4 h5 43. Rf1 Re8 44. Rf6 g4 45. Bg2 Re7 46. Ra3 Nc2 47. Ra8
Bd7 48. Nxd7 Rxd7 49. Rb8 Re7 50. Rxb5 d4 51. Be4 Nxb4 52. Rxb4 Ke5 53. Rf4 1-0

[Event "K41 Foraars EMT Gruppe B 2010"]
[Site "Valby"]
[Date "2010.03.23"]
[Round "3"]
[White "Moller, Arne Vagn"]
[Black "Henriksen, Christian"]
[Result "1-0"]
[WhiteElo "1809"]
[BlackElo "1707"]
[PlyCount "49"]
[EventDate "2010.??.??"]

1. e4 e6 2. d4 d5 3. Nc3 Bb4 4. exd5 exd5 5. Nf3 Bg4 6. Be2 Ne7 7. O-O O-O 8.
h3 Bh5 9. a3 Bd6 10. Nb5 c6 11. Nxd6 Qxd6 12. Re1 Nd7 13. Ne5 Bxe2 14. Qxe2
Rae8 15. Qd3 Ng6 16. Bd2 Ndxe5 17. dxe5 Nxe5 18. Qg3 Nc4 19. Qxd6 Rxe1+ 20.
Rxe1 Nxd6 21. Bb4 Rd8 22. Re7 Nc4 23. Rxb7 a5 24. Bc5 Nxb2 25. Rxb2 1-0

[Event "K41 Foraars EMT Gruppe B 2010"]
[Site "Valby"]
[Date "2010.03.23"]
[Round "3"]
[White "Abildgaard, Kenneth"]
[Black "Karup, Jesper"]
[Result "1/2-1/2"]
[WhiteElo "1816"]
[BlackElo "1708"]
[PlyCount "119"]
[EventDate "2010.??.??"]

1. e4 e6 2. Nc3 d5 3. Nf3 Nf6 4. e5 Nfd7 5. d3 c5 6. Bf4 Nc6 7. g3 Qc7 8. Nxd5
exd5 9. e6 Bd6 10. exd7+ Bxd7 11. Bxd6 Qxd6 12. Bg2 Qe6+ 13. Qe2 Qxe2+ 14. Kxe2
Bg4 15. Rhe1 O-O 16. Kd2 Rfe8 17. h3 Bd7 18. Rxe8+ Rxe8 19. Re1 Rxe1 20. Nxe1
Ne7 21. c4 Bc6 22. d4 cxd4 23. Kd3 dxc4+ 24. Kxd4 f6 25. Bxc6 Nxc6+ 26. Kxc4
Kf7 27. Nd3 Ke7 28. Kd5 g6 29. b4 Nd8 30. Nc5 Nc6 31. Nd3 Nd8 32. f4 Ne6 33. a4
Nc7+ 34. Kd4 b6 35. b5 Kd6 36. Nb4 Ne6+ 37. Kc4 Nc5 38. Nd5 Ne4 39. Kd4 Nxg3
40. Nxf6 h6 41. Ng4 Ne2+ 42. Ke3 Nc3 43. Kd3 Nd5 44. Ke4 Nc3+ 45. Kd3 Nd5 46.
f5 gxf5 47. Nxh6 Nf4+ 48. Kc4 Ke6 49. h4 Ng6 50. h5 Nf4 51. Kd4 Nxh5 52. Ke3
Nf6 53. Kf4 Nd5+ 54. Kg5 Nc3 55. Nxf5 Nxa4 56. Nd4+ Kd6 57. Nc6 Kc5 58. Nxa7
Nc3 59. Nc8 Nxb5 60. Nxb6 1/2-1/2

[Event "K41 Foraars EMT Gruppe B 2010"]
[Site "Valby"]
[Date "2010.03.24"]
[Round "3"]
[White "Weber, John"]
[Black "Christensen, Lars (1955)"]
[Result "1-0"]
[WhiteElo "1791"]
[BlackElo "1711"]
[PlyCount "25"]
[EventDate "2010.??.??"]

1. f4 d5 2. d4 Nf6 3. e3 c5 4. Nf3 Nc6 5. c3 e6 6. Bd3 Be7 7. Nbd2 O-O 8. Ne5
Qc7 9. O-O b6 10. Rf3 a5 11. Rh3 Ba6 12. Bxh7+ Nxh7 13. Qh5 1-0

[Event "K41 Foraars EMT Gruppe B 2010"]
[Site "Valby"]
[Date "2010.04.06"]
[Round "4"]
[White "Moller, Arne Vagn"]
[Black "Weber, John"]
[Result "1-0"]
[WhiteElo "1809"]
[BlackElo "1791"]
[PlyCount "63"]
[EventDate "2010.??.??"]

1. e4 e6 2. d4 d5 3. Nc3 c5 4. Nf3 Nc6 5. exd5 exd5 6. Be3 cxd4 7. Nxd4 Nf6 8.
Be2 Be7 9. O-O O-O 10. a3 Nxd4 11. Bxd4 Be6 12. Bf3 Qa5 13. Re1 Rad8 14. Re3
Rd7 15. Qe2 Qd8 16. Re1 b6 17. b4 Bd6 18. g3 Bb8 19. Bxf6 Qxf6 20. Bxd5 g6 21.
Rxe6 Qxc3 22. Re3 Qc8 23. Bb3 Kg7 24. Qf3 h5 25. Re7 Qc7 26. Qe4 Qd8 27. Rxd7
Qxd7 28. Qe7 Qd2 29. Re3 h4 30. Qxh4 Rh8 31. Qc4 Rxh2 32. Qxf7+ 1-0

[Event "K41 Foraars EMT Gruppe B 2010"]
[Site "Valby"]
[Date "2010.04.06"]
[Round "4"]
[White "Henriksen, Christian"]
[Black "Karup, Jesper"]
[Result "1/2-1/2"]
[WhiteElo "1707"]
[BlackElo "1708"]
[PlyCount "85"]
[EventDate "2010.??.??"]

1. d4 Nf6 2. c4 e6 3. Nc3 Bb4 4. Bg5 O-O 5. Qc2 d5 6. e3 c5 7. Nf3 Nbd7 8. Bd3
Qc7 9. cxd5 c4 10. Be4 exd5 11. Bf5 Re8 12. O-O Bxc3 13. Qxc3 Ne4 14. Qc2 Ndf6
15. Bf4 Qa5 16. Bxc8 Raxc8 17. Rfc1 Nh5 18. Bg5 Nxg5 19. Nxg5 Nf6 20. b3 b5 21.
Qf5 Qa6 22. h3 Qd6 23. Rab1 g6 24. Qc2 Qa6 25. Qb2 Rc6 26. bxc4 bxc4 27. Qb7
Rf8 28. Rb4 Rb6 29. Rxb6 Qxb6 30. Rb1 Qxb7 31. Rxb7 Rc8 32. Rb2 Nd7 33. Kf1 Rc6
34. Ke2 f6 35. Nf3 Rb6 36. Rc2 Kf7 37. Ne1 Ke6 38. Kd2 Nb8 39. Kc3 Nc6 40. f3
Rb1 41. Re2 f5 42. g4 Kd6 43. Kc2 1/2-1/2

[Event "K41 Foraars EMT Gruppe B 2010"]
[Site "Valby"]
[Date "2010.04.06"]
[Round "4"]
[White "Christensen, Lars (1955)"]
[Black "Hojland, Ulrik"]
[Result "1/2-1/2"]
[WhiteElo "1711"]
[BlackElo "1734"]
[PlyCount "103"]
[EventDate "2010.??.??"]

1. Nf3 Nf6 2. g3 g6 3. Bg2 Bg7 4. O-O O-O 5. d3 d5 6. Nbd2 c6 7. e4 dxe4 8.
Nxe4 Nxe4 9. dxe4 Bg4 10. Qe1 Nd7 11. c3 Bxf3 12. Bxf3 Ne5 13. Qe2 Qc7 14. Be3
Rfd8 15. Rad1 b5 16. Bg2 h5 17. Bc5 a5 18. f4 Ng4 19. e5 b4 20. Qc4 bxc3 21.
Qxc3 Bf8 22. Rfe1 e6 23. Bxf8 Rxf8 24. Rd6 Qb6+ 25. Qd4 Qb4 26. Rc1 Rab8 27.
Qxb4 Rxb4 28. b3 a4 29. Rc3 axb3 30. Rxb3 Rxb3 31. axb3 Rb8 32. Rd3 c5 33. Bf3
Kf8 34. h3 Nh6 35. g4 hxg4 36. hxg4 Rb4 37. Kg2 Rxf4 38. Kg3 Rb4 39. Rc3 Rb8
40. Bd1 Rc8 41. Bc2 Ng8 42. b4 c4 43. Bd3 Ne7 44. Rxc4 Rd8 45. Be4 Rb8 46. Kf4
Rb5 47. Bf3 g5+ 48. Kxg5 Rxe5+ 49. Kf4 Ng6+ 50. Kg3 Re3 51. Kf2 Rb3 52. Re4
1/2-1/2

[Event "K41 Foraars EMT Gruppe B 2010"]
[Site "Valby"]
[Date "2010.04.06"]
[Round "4"]
[White "Sorensen, Dick"]
[Black "Abildgaard, Kenneth"]
[Result "0-1"]
[WhiteElo "1810"]
[BlackElo "1816"]
[PlyCount "76"]
[EventDate "2010.??.??"]

1. c4 c5 2. Nc3 Nc6 3. g3 g6 4. Bg2 Bg7 5. e4 d6 6. Nge2 Be6 7. d3 Nf6 8. Nd5
b5 9. O-O b4 10. f4 Bg4 11. h3 Bxe2 12. Qxe2 Nd4 13. Qf2 Nxd5 14. cxd5 O-O 15.
Be3 Qa5 16. Kh2 Qb5 17. Rad1 b3 18. axb3 Qxb3 19. Rd2 a5 20. e5 dxe5 21. d6 Ra7
22. fxe5 Bxe5 23. dxe7 Rxe7 24. Bh6 Rfe8 25. Bg5 Nf5 26. Bf4 Bd4 27. Qf3 Be3
28. Qd1 Qxd1 29. Rdxd1 Bxf4 30. Rxf4 Re2 31. Ra4 Rxb2 32. g4 Nh4 33. g5 Nxg2
34. Kg1 Ree2 35. Rxa5 Ne3 36. Rc1 Rg2+ 37. Kh1 Rh2+ 38. Kg1 Rbg2# 0-1

[Event "K41 Foraars EMT Gruppe B 2010"]
[Site "Valby"]
[Date "2010.04.13"]
[Round "5"]
[White "Weber, John"]
[Black "Henriksen, Christian"]
[Result "1-0"]
[WhiteElo "1791"]
[BlackElo "1707"]
[PlyCount "83"]
[EventDate "2010.??.??"]

1. f4 d5 2. d4 c5 3. e3 Nf6 4. Nf3 cxd4 5. exd4 Nc6 6. c3 Bf5 7. Bd3 Bxd3 8.
Qxd3 e6 9. O-O Bd6 10. Ne5 Qc7 11. Nd2 O-O 12. Ndf3 a6 13. Ng5 h6 14. Nh3 b5
15. Nf2 Ne7 16. Qh3 Nd7 17. Nfd3 a5 18. g4 f6 19. Nxd7 Qxd7 20. Bd2 Rae8 21.
Rae1 Nc6 22. Qg2 Qf7 23. g5 hxg5 24. fxg5 Qg6 25. gxf6 Qxg2+ 26. Kxg2 gxf6 27.
Bf4 e5 28. Bg3 Bb8 29. Nc5 Rf7 30. dxe5 Bxe5 31. Nd3 d4 32. Nxe5 fxe5 33. Rxf7
Kxf7 34. cxd4 exd4 35. Rxe8 Kxe8 36. Be1 a4 37. Kf3 Kf7 38. Ke4 Ke6 39. Bg3 b4
40. h4 Kf6 41. Bd6 Ke6 42. Bc5 1-0

[Event "K41 Foraars EMT Gruppe B 2010"]
[Site "Valby"]
[Date "2010.04.13"]
[Round "5"]
[White "Karup, Jesper"]
[Black "Sorensen, Dick"]
[Result "0-1"]
[WhiteElo "1708"]
[BlackElo "1810"]
[PlyCount "106"]
[EventDate "2010.??.??"]

1. e4 c5 2. Nf3 e6 3. b3 a6 4. Bb2 d6 5. d4 cxd4 6. Nxd4 Nf6 7. Bd3 Be7 8. O-O
O-O 9. f4 e5 10. fxe5 dxe5 11. Nf5 Bc5+ 12. Kh1 Nc6 13. Qf3 Nd4 14. Bxd4 Bxd4
15. Nxd4 Qxd4 16. c3 Qc5 17. h3 Be6 18. Qf2 Qxf2 19. Rxf2 Rfd8 20. Bc2 Nh5 21.
Nd2 Rac8 22. c4 b5 23. Rd1 Nf4 24. Nf3 Rxd1+ 25. Bxd1 f6 26. cxb5 axb5 27. Rc2
Rxc2 28. Bxc2 Kf8 29. Ne1 Ke7 30. Nd3 Kd6 31. Kg1 Nxd3 32. Bxd3 Kc5 33. Kf2 Kb4
34. Ke2 Bd7 35. Kd2 h5 36. Kc2 h4 37. Kb2 Bc6 38. a3+ Kc5 39. Kc3 f5 40. b4+
Kb6 41. Kd2 Bxe4 42. Bf1 Bc6 43. Ke3 Kc7 44. Kf2 Kd6 45. g3 hxg3+ 46. Kxg3 g5
47. h4 f4+ 48. Kg4 gxh4 49. Kxh4 e4 50. Kg5 Ke5 51. Be2 f3 52. Bd1 e3 53. Kg4
e2 0-1

[Event "K41 Foraars EMT Gruppe B 2010"]
[Site "Valby"]
[Date "2010.04.13"]
[Round "5"]
[White "Abildgaard, Kenneth"]
[Black "Christensen, Lars (1955)"]
[Result "0-1"]
[WhiteElo "1816"]
[BlackElo "1711"]
[PlyCount "104"]
[EventDate "2010.??.??"]

1. e4 c6 2. c4 d5 3. Nc3 dxe4 4. Nxe4 Nd7 5. d4 Ngf6 6. Bd3 Nxe4 7. Bxe4 Nf6 8.
Bf3 Bf5 9. g4 Be4 10. g5 Bxf3 11. Qxf3 Nd7 12. Ne2 Nb6 13. Qb3 e6 14. c5 Qd5
15. Qxd5 Nxd5 16. Bd2 Be7 17. a4 Kd7 18. b4 a6 19. O-O h6 20. f4 f6 21. gxh6
gxh6 22. f5 Rag8+ 23. Kh1 h5 24. Rae1 exf5 25. Ng3 Rg4 26. Nxf5 Rh7 27. h3 Rg6
28. Re4 Bd8 29. Rg1 Rxg1+ 30. Kxg1 Bc7 31. Kf2 Ne7 32. Nxe7 Rxe7 33. Rh4 Rh7
34. Kf3 f5 35. Bf4 Bd8 36. Kg3 Bxh4+ 37. Kxh4 Ke6 38. Kg5 Rd7 39. Be5 Rf7 40.
Bf4 Kd5 41. Kg6 Rf8 42. Kxh5 Ke4 43. Bg3 f4 44. Bf2 Rg8 45. d5 Kxd5 46. h4 f3
47. Kh6 Rg2 48. Be1 f2 49. Bxf2 Rxf2 50. h5 Kc4 51. Kh7 Kxb4 52. h6 Rh2 0-1

[Event "K41 Foraars EMT Gruppe B 2010"]
[Site "Valby"]
[Date "2010.04.27"]
[Round "6"]
[White "Christensen, Lars (1955)"]
[Black "Karup, Jesper"]
[Result "1/2-1/2"]
[WhiteElo "1711"]
[BlackElo "1708"]
[PlyCount "24"]
[EventDate "2010.??.??"]

1. Nf3 Nf6 2. d4 g6 3. g3 Bg7 4. Bg2 d6 5. O-O O-O 6. c4 Nbd7 7. Nc3 e5 8. dxe5
dxe5 9. Qc2 c6 10. b3 Qc7 11. Bb2 Re8 12. e4 b6 1/2-1/2

[Event "K41 Foraars EMT Gruppe B 2010"]
[Site "Valby"]
[Date "2010.04.27"]
[Round "6"]
[White "Moller, Arne Vagn"]
[Black "Abildgaard, Kenneth"]
[Result "0-1"]
[WhiteElo "1809"]
[BlackElo "1816"]
[PlyCount "60"]
[EventDate "2010.??.??"]

1. e4 e5 2. Nf3 Nf6 3. Nc3 Nc6 4. Bb5 Nd4 5. Ba4 Nxf3+ 6. Qxf3 Bc5 7. O-O b6 8.
d3 h6 9. Be3 Bxe3 10. fxe3 Qe7 11. Nb5 Qb4 12. Nxc7+ Kd8 13. Nd5 Nxd5 14. exd5
Qxa4 15. Qxf7 Qg4 16. d6 Re8 17. e4 Qe6 18. Qxg7 Qxd6 19. Rf6 Re6 20. Rf8+ Kc7
21. Qh8 Qc5+ 22. Kh1 Qxc2 23. Raf1 Qc6 24. h3 Bb7 25. Rxa8 Bxa8 26. Rf8 Bb7 27.
Rb8 Qc1+ 28. Kh2 Qg5 29. Rg8 Qf4+ 30. Kh1 Rc6 0-1

[Event "K41 Foraars EMT Gruppe B 2010"]
[Site "Valby"]
[Date "2010.04.27"]
[Round "6"]
[White "Weber, John"]
[Black "Hojland, Ulrik"]
[Result "1-0"]
[WhiteElo "1791"]
[BlackElo "1734"]
[PlyCount "63"]
[EventDate "2010.??.??"]

1. f4 d5 2. d4 Nf6 3. Nf3 Bf5 4. e3 e6 5. Bd3 Bd6 6. Bxf5 exf5 7. Qd3 Qd7 8.
O-O Ne4 9. Ne5 Qe6 10. Qb5+ Nd7 11. Nxd7 Qxd7 12. Qxb7 O-O 13. Qxd5 g5 14. Qc4
g4 15. Nd2 Nf6 16. Nb3 Qe7 17. Bd2 h5 18. Rae1 Ne4 19. Bc1 Qh4 20. Qd5 g3 21.
h3 Qf6 22. Nd2 Nf2 23. Nf3 Rad8 24. Qc4 Kh8 25. Qe2 Rg8 26. Ng5 Rxg5 27. fxg5
Qxg5 28. e4 f4 29. e5 Re8 30. Qf3 Bb4 31. c3 Ba5 32. Qxf4 1-0

[Event "K41 Foraars EMT Gruppe B 2010"]
[Site "Valby"]
[Date "2010.04.27"]
[Round "6"]
[White "Henriksen, Christian"]
[Black "Sorensen, Dick"]
[Result "0-1"]
[WhiteElo "1707"]
[BlackElo "1810"]
[PlyCount "78"]
[EventDate "2010.??.??"]

1. d4 Nf6 2. c4 g6 3. Nc3 Bg7 4. e4 d6 5. f3 Nbd7 6. Be3 e5 7. d5 O-O 8. Qd2 a5
9. g4 Nc5 10. Nge2 Ne8 11. Ng3 f5 12. Bg5 Bf6 13. Bxf6 Qxf6 14. g5 Qe7 15. h4
fxe4 16. fxe4 Rf4 17. O-O-O Bg4 18. Be2 Bxe2 19. Qxe2 Rxh4 20. Qd2 Rg4 21. Qh2
Qxg5+ 22. Kb1 h5 23. Rdg1 Nf6 24. Nb5 Rc8 25. Nc3 Rf8 26. Nge2 Ncxe4 27. Nxe4
Nxe4 28. Rxg4 Qxg4 29. Rg1 Rf1+ 30. Rxf1 Nd2+ 31. Kc1 Nxf1 32. Qf2 Qf5 33. Qh4
Qf7 34. Qh3 Qf5 35. Qh4 Kg7 36. Qe7+ Qf7 37. Qh4 Qf6 38. Qh3 Qg5+ 39. Kb1 Qf5+
0-1

[Event "K41 Foraars EMT Gruppe B 2010"]
[Site "Valby"]
[Date "2010.05.04"]
[Round "7"]
[White "Sorensen, Dick"]
[Black "Christensen, Lars (1955)"]
[Result "1/2-1/2"]
[WhiteElo "1810"]
[BlackElo "1711"]
[PlyCount "53"]
[EventDate "2010.??.??"]

1. d4 d5 2. Nf3 Nf6 3. Bf4 Bg4 4. e3 e6 5. Nbd2 Bd6 6. Bxd6 Qxd6 7. c3 Nbd7 8.
Be2 O-O 9. O-O c5 10. h3 Bxf3 11. Bxf3 Rac8 12. Qa4 a6 13. dxc5 Nxc5 14. Qh4
Nd3 15. Rab1 Ne5 16. Be2 Ng6 17. Qa4 b5 18. Qa5 Ne5 19. a4 Nc4 20. Nxc4 bxc4
21. b4 Ne4 22. b5 Nd2 23. b6 Nb3 24. Rxb3 cxb3 25. Bxa6 Rc6 26. Bb5 Rxb6 27.
Rb1 1/2-1/2

[Event "K41 Foraars EMT Gruppe B 2010"]
[Site "Valby"]
[Date "2010.05.04"]
[Round "7"]
[White "Karup, Jesper"]
[Black "Moller, Arne Vagn"]
[Result "1/2-1/2"]
[WhiteElo "1708"]
[BlackElo "1809"]
[PlyCount "92"]
[EventDate "2010.??.??"]

1. e4 c5 2. Nf3 d6 3. Bb5+ Bd7 4. Bxd7+ Qxd7 5. O-O Nc6 6. c3 Nf6 7. Re1 g6 8.
d4 cxd4 9. cxd4 Bg7 10. Nc3 O-O 11. h3 e6 12. Bf4 a6 13. Qb3 b5 14. e5 Ne8 15.
d5 Na5 16. Qb4 Nc4 17. Rad1 Rc8 18. Rd3 dxe5 19. Nxe5 Nxe5 20. Bxe5 Bxe5 21.
Rxe5 Rc4 22. Qa5 Qd6 23. Ree3 exd5 24. Rxd5 Qc6 25. Red3 b4 26. Na4 Rc1+ 27.
Kh2 Qc4 28. R5d4 Qe6 29. Re3 Qf6 30. Rd2 Qf4+ 31. g3 Qc4 32. Rde2 Qc6 33. Re1
Rc2 34. R3e2 Rxe2 35. Rxe2 Qc4 36. Qe5 Qxa2 37. Nc5 Ng7 38. Nd7 Rc8 39. Nf6+
Kh8 40. Qg5 Rc6 41. Qe5 Rc8 42. Qd4 Qc4 43. Qd2 Qc6 44. Qd4 Qc4 45. Qd2 Qc6 46.
Qd4 Qc4 1/2-1/2

[Event "K41 Foraars EMT Gruppe B 2010"]
[Site "Valby"]
[Date "2010.05.04"]
[Round "7"]
[White "Hojland, Ulrik"]
[Black "Henriksen, Christian"]
[Result "0-1"]
[WhiteElo "1734"]
[BlackElo "1707"]
[PlyCount "106"]
[EventDate "2010.??.??"]

1. c4 Nf6 2. Nc3 g6 3. g3 Bg7 4. Bg2 d6 5. Nf3 e5 6. d3 O-O 7. O-O Nc6 8. Rb1
a5 9. a3 Be6 10. Ng5 Bd7 11. b4 axb4 12. axb4 h6 13. Nf3 Ne7 14. Bd2 c6 15. b5
Ne8 16. Qc2 d5 17. bxc6 Bxc6 18. cxd5 Nxd5 19. Nxd5 Bxd5 20. Bc3 Qc7 21. Rfc1
f6 22. Qd2 Bc6 23. Nh4 Kh7 24. Bxc6 bxc6 25. Rc2 Nd6 26. Bb4 Rfc8 27. d4 exd4
28. Qxd4 Nb5 29. Qg4 Qf7 30. Rbc1 f5 31. Qf3 Nd4 32. Qd3 Nxc2 33. Qxc2 Qd5 34.
e3 Ra2 35. Qc5 Qxc5 36. Bxc5 Ra1 37. Rxa1 Bxa1 38. Nf3 Kg7 39. Kf1 Kf6 40. h3
h5 41. Ke2 Ke6 42. Nh4 g5 43. Nf3 g4 44. hxg4 hxg4 45. Ne1 Ra8 46. e4 fxe4 47.
Ke3 Kd5 48. Be7 Be5 49. Nc2 c5 50. Bg5 Ra2 51. Kd2 Bd4 52. Be3 Bxe3+ 53. fxe3
Kc4 0-1